| Поле | Название | Значение |
| |
Тип записи |
a |
| |
Библиографический уровень |
c |
| 001 |
Контрольный номер |
RU/IS/BASE/324984099 |
| 005 |
Дата корректировки |
20201206204722.6 |
| 010 |
Индекс ISBN |
__ |
| a |
ISBN |
5-89321-050-6 |
| d |
Цена |
150-00 |
| 101 |
Язык документа |
__ |
| a |
Язык текста |
rus |
| c |
Язык оригинала |
ita |
| 200 |
Заглавие и сведения об ответственности |
0_ |
| a |
Заглавие |
Философские диалоги |
| f |
Первые сведения об ответственности |
Джордано Бруно ; [вступ. ст., примеч. "Новый акрополь" ; пер. М. А. Дынника, А. И. Рубина ; вступ. ст. Елена Сикирич] |
| b |
Общее обозначение материала |
Текст |
| 210 |
Выходные данные |
__ |
| a |
Место издания |
М. |
| c |
Издательство |
Алетейа |
| c |
Издательство |
Новый Акрополь |
| d |
Дата издания |
2000 |
| 215 |
Физическое описание |
__ |
| a |
Объем |
317, [3] с., [1] л. портр. |
| 225 |
Серия |
__ |
| a |
Серия |
In Memoriam |
| 327 |
Примечание о содержании |
__ |
| a |
Примечание о содержании |
О причине, начале и едином |
| 327 |
Примечание о содержании |
__ |
| a |
Примечание о содержании |
О бесконечности, Вселенной и мирах |
| 330 |
Аннотация |
__ |
| a |
Аннотация |
В книге представлены два основных философских диалога Джордано Бруно, тесно взаимосвязанные между собой в них звучат основные идеи его философии. |
| 600 |
Персоналии |
__ |
| a |
Персоналии (Фамилия) |
Бруно, Д. |
| f |
Даты |
1548-1600 |
| g |
Полное имя |
Джордано |
| 606 |
Тематические рубрики |
__ |
| a |
Основная рубрика |
Философия |
| 606 |
Тематические рубрики |
__ |
| a |
Основная рубрика |
Философия зарубежных стран |
| y |
Географическая подрубрика |
Италия |
| 610 |
Ключевые слова |
__ |
| a |
Ключевые слова |
персоналии; философы; итальянская философия; философские взгляды; философские вопросы; философские учения; философские размышления; философские рассуждения; философская литература; зарубежная философия; причины (философия); начало (филлософия); философские понятия; философские категории; бесконечность; Вселенная; философские трактаты; философские труды |
| 686 |
Индексы других классификаций |
__ |
| a |
Классификационный индекс |
87.3(4Ита) |
| 700 |
Автор |
_1 |
| a |
Фамилия |
Бруно |
| b |
Имя |
Д. |
| g |
Полное личное имя |
Джордано |
| 4 |
Код отношения |
070 |
| 702 |
Вторичная интеллектуальная ответственность |
_1 |
| a |
Фамилия |
Сикирич |
| b |
Имя |
Е. |
| 4 |
Код отношения |
Автор предисловия и т.д. |
| 702 |
Вторичная интеллектуальная ответственность |
_1 |
| a |
Фамилия |
Дынник |
| b |
Имя |
М. А. |
| 4 |
Код отношения |
Переводчик |
| 702 |
Вторичная интеллектуальная ответственность |
_1 |
| a |
Фамилия |
Рубин |
| b |
Имя |
А. И. |
| 4 |
Код отношения |
Переводчик |
| 801 |
Источник записи |
_0 |
| a |
Страна |
RU |
| b |
Организация |
Муниципальное бюджетное учреждение культуры "Централизованная библиотечная система" г. Сургут (Центральная городская библиотека им. А. С. Пушкина) |
| g |
Правила каталогизации |
КиК/Поспелова |
| 801 |
Источник записи |
_1 |
| a |
Страна |
RU |
| b |
Организация |
Муниципальное бюджетное учреждение культуры "Централизованная библиотечная система" г. Сургут (Центральная городская библиотека им. А. С. Пушкина) |
| g |
Правила каталогизации |
КиК/Поспелова |
| 852 |
Данные о местонахождении |
__ |
| j |
Шифр хранения |
87.3(4Ита) |
| c |
Каталожный индекс |
87.3(4Ита) |
| i |
Авторский знак |
Б 89 |
| 901 |
Тип документа |
__ |
| t |
Тип документа |
x |
| 903 |
Характеристики (МАРС) |
__ |
| a |
Дата передачи |
20100423 |
| 969 |
Тип издания |
__ |
| a |
Тип издания |
сборник |
| 990 |
Данные о заказе (DOS) |
__ |
| j |
Количество экземпляров (DOS) |
1 |
| t |
N записи в КСУ для И/У (DOS) |
201005 |